| 000 | 00682cam a22002411 4500 | ||
|---|---|---|---|
| 999 |
_c5195 _d5195 |
||
| 001 | 4527865 | ||
| 003 | GBCCL | ||
| 005 | 20241126110535.0 | ||
| 008 | 761015s1944 ilu 000 0 eng | ||
| 010 | _a 44012822 | ||
| 020 | _a0802458548 | ||
| 040 |
_aDLC _cMSohG _dMSohG _dDLC |
||
| 050 | 0 | 0 |
_aBT180.N2 _bS75 |
| 082 | 0 | 0 |
_a231 _bSTO |
| 100 | 1 |
_aStone, Nathan J. _99357 |
|
| 245 | 1 | 0 |
_aNames of God , _cby Nathan J. Stone. |
| 260 |
_aChicago, _bMoody Press _c[1944] |
||
| 300 |
_a160 p. _c20 cm. |
||
| 630 | 0 | 0 |
_aBible. _pOld Testament _xTheology. _92493 |
| 650 | 0 |
_aGod _xName _xBiblical teaching. _93503 |
|
| 906 |
_a7 _bcbc _corignew _du _eocip _f19 _gy-gencatlg |
||
| 942 |
_2ddc _cBK _01 |
||